Imiona znanych Polek i Polaków #2 - Statystyki

Ogólne statystyki
  • Ten quiz został rozwiązany 491 razy
  • Średni wynik to 11 z 15
Statystyki odpowiedzi
Imię Nazwisko % Poprawnych
Fryderyk Chopin
99%
Donald Tusk
94%
Jan Matejko
93%
Józef Piłsudski
92%
Juliusz Słowacki
89%
Robert Kubica
89%
Czesław Miłosz
88%
Andrzej Wajda
81%
Roman Polański
69%
Kazimierz Deyna
68%
Edward Gierek
65%
Pola (Apolonia) Raksa
51%
Ignacy Łukasiewicz
47%
Kazimierz Pułaski
41%
Róża Luksemburg
27%
Nie znaleziono quizów pasujących do podanych kryteriów
Rozkład punktacji
Procent ludzi z każdym wynikiem
Percentyl według liczby udzielonych odpowiedzi
Twoja historia wyników
Nie rozwiązałeś tego quizu